000 00449nam a2200169Ia 4500
008 240729s9999 xx 000 0 und d
022 _a1480-9222
245 0 _aBiological Procedures Online
260 _aUnited Kingdom
260 _bBMC
650 _a Biology (General)
650 _a Medicine (General) | Science
650 _aMedicine
856 _uhttps://doaj.org/toc/8e3b93dbc7cf49b995f093b9424f5223
942 _2ddc
942 _cDOAJEJ
999 _c74149
_d74149
945 _a1
_bMadushi Gamage
_c1
_dMadushi Gamage